Изучение фазового состава осадка оксидов ванадия на графитовом электроде с помощью рентгенофазового анализа и угольного настового электроактивного электрода

Detalles Bibliográficos
Autor principal: Дубова Н. М.
Otros Autores: Заичко Л. Ф. Лидия Филипповна, Караваева Т. А. Татьяна Анатольевна
Lenguaje:ruso
Publicado: Томск, 1988
Materias:
Formato: MixedMaterials Libro
KOHA link:https://koha.lib.tpu.ru/cgi-bin/koha/opac-detail.pl?biblionumber=594358

MARC

LEADER 00000nam0a2200000 4500
001 594358
005 20231101131814.0
029 0 0 |a SU  |b 555-ХП-88  |f ОНИИТЭХим 
035 |a (RuTPU)RU\TPU\tpu\8944 
035 |a RU\TPU\tpu\8692 
090 |a 594358 
100 |a 20020618d1988 m y0rusy50 ca 
101 0 |a rus 
102 |a RU 
105 |a y z 001zy 
200 1 |a Изучение фазового состава осадка оксидов ванадия на графитовом электроде с помощью рентгенофазового анализа и угольного настового электроактивного электрода  |f Н. М. Дубова, Л. Ф. Заичко, Т. А. Караваева 
210 |a Томск  |d 1988 
215 |a 8 с. 
320 |a Библиогр.: 8 назв. - Деп. в ОНИИТЭХим, г. Черкассы, 02.06.88, № 555-ХП-88. 
610 1 |a труды учёных ТПУ 
700 1 |a Дубова  |b Н. М.  |c кандидат химических наук  |c ХТФ  |f 1954-  |2 tpush  |3 (RuTPU)RU\TPU\pers\4129 
701 1 |a Заичко  |b Л. Ф.  |c кандидат химических наук  |c ХТФ  |f 1936-  |g Лидия Филипповна  |2 tpush  |3 (RuTPU)RU\TPU\pers\3734 
701 1 |a Караваева  |b Т. А.  |c ХТФ  |g Татьяна Анатольевна  |2 stltpush  |3 (RuTPU)RU\TPU\pers\4931 
801 2 |a RU  |b 63413507  |c 20100209  |g PSBO 
942 |c BK